Synthesis and magnetic properties of polymeric complexes containing ruthenium(II)-ruthenium(III) tetracarboxylato units linked by cyanato, thiocyanato, and selenocyanato ligands

Bibliographic Details
Main Authors: Ishida, Hideaki (Author), Hiromitsu, Ichiro (Author), Ito, Kayoko (Author), Kasuga, Kuninobu (Author), Handa, Makoto (Author), Mikuriya, Masahiro (Author), Ikeue, Takahisa (Author), Adachi, Toshihiro (Author)
Format: Article
Language:English

MARC

LEADER 00000nab a2200000uu 4500
001 vtls010878677
003 SK-MaSNL
005 20260303191123.0
008 230303|2008 xo |||||||||||||||||eng|
015 |a SNBRB 
035 |a (urnnbn)urn:nbn:sk:snk:ar-005vec 
035 |a (uuid)87cfd283-5fd1-4846-93b8-7a80cef94ae3 
035 |a urn:nbn:sk:snk-ab7mt7 
040 |a SNKBUCL  |b slo  |c SNKBUCL  |e AACR2 
041 0 |a eng 
044 |a xo  |c SK 
100 1 |a Ishida, Hideaki  |4 aut  |9 1188019 
245 1 0 |a Synthesis and magnetic properties of polymeric complexes containing ruthenium(II)-ruthenium(III) tetracarboxylato units linked by cyanato, thiocyanato, and selenocyanato ligands  |c Hideaki Ishida, Ichiro Hiromitsu, Kayoko Ito, Kuninobu Kasuga, Makoto Handa, Masahiro Mikuriya, Takahisa Ikeue, Toshihiro Adachi 
700 1 |a Hiromitsu, Ichiro  |4 aut  |9 162223 
700 1 |a Ito, Kayoko  |4 aut  |9 1220235 
700 1 |a Kasuga, Kuninobu  |4 aut  |9 1220236 
700 1 |a Handa, Makoto  |4 aut  |9 1188022 
700 1 |a Mikuriya, Masahiro  |4 aut  |9 1188023 
700 1 |a Ikeue, Takahisa  |4 aut  |9 1220237 
700 1 |a Adachi, Toshihiro  |4 aut  |9 1220238 
773 0 |t Chemical papers  |g Roč. 62, č. 4 (2008), s. [410]-416 
958 |a OND 
958 |a EUIPO 
958 |a article8 
999 |c 2139476  |d 2141406